|
|
|
|
| LEADER |
00000cam a2200000 7i4500 |
| 001 |
0000007774 |
| 002 |
000008344 |
| 005 |
20000330.0 |
| 020 |
|
|
|a 0893340510
|
| 090 |
0 |
0 |
|a 372.50440973
|b CAB
|
| 100 |
1 |
|
|a Caballero, Jane A
|
| 245 |
1 |
0 |
|a Art projects for young children
|c Jane A. Caballero
|
| 260 |
|
|
|a Atlanta :
|b Humanics Limited ,
|c 1990
|
| 300 |
|
|
|a 140p. :
|b ill. ;
|c 28cm.
|
| 650 |
0 |
0 |
|a Activity programs in education
|
| 650 |
0 |
0 |
|a Arts
|x Study and teaching (Elementary)
|
| 650 |
0 |
0 |
|a Handicraft
|
| 999 |
|
|
|a 040298
|b BUKU
|c PINJAMAN
|e PERPUSTAKAAN KOMUNITI PETALING JAYA
|
| 999 |
|
|
|a 052892
|b BUKU
|c PINJAMAN
|e PERPUSTAKAAN KOMUNITI PETALING JAYA
|